[Event "Interclubs Adultes"]
[Site "MIGNE-AUXANCES"]
[Date "15.??.??"]
[Round "8.1"]
[White "Bojkov, Dejan"]
[Black "Moradiabadi, Elshan"]
[Result "1-0"]
[WhiteElo "2523"]
[BlackElo "2506"]
[PlyCount "65"]
[EventDate "15.??.??"]
[WhiteTeam "Migné-Auxances"]
[BlackTeam "Noisy le Grand"]

1. e4 c5 2. c3 Nf6 3. e5 Nd5 4. d4 cxd4 5. Nf3 Nc6 6. cxd4 d6 7. Bc4 Nb6 8. Bb5
dxe5 9. Nxe5 Bd7 10. Nxd7 Qxd7 11. O-O e6 12. Nc3 Rd8 13. a4 a6 14. Bxc6 Qxc6
15. Bg5 f6 16. Be3 Bb4 17. Qg4 Bxc3 18. Qxg7 Rf8 19. bxc3 Nxa4 20. Rfe1 b5 21.
Bh6 Rf7 22. Qg4 Re7 23. Qf4 Rf7 24. Qg4 Re7 25. Re3 Qd5 26. Bg7 Qf5 27. Qg3
Rdd7 28. Bh8 Rc7 29. d5 Rc8 30. dxe6 Qg5 31. Qf3 f5 32. Qd5 Qg6 33. Rg3 1-0

[Event "Interclubs Adultes"]
[Site "MIGNE-AUXANCES"]
[Date "15.??.??"]
[Round "8.2"]
[White "Boudiba, Mahfoud"]
[Black "Firman, Nazar"]
[Result "0-1"]
[WhiteElo "2371"]
[BlackElo "2501"]
[PlyCount "62"]
[EventDate "15.??.??"]
[WhiteTeam "Noisy le Grand"]
[BlackTeam "Migné-Auxances"]

1. e4 g6 2. d4 Bg7 3. Nc3 d6 4. f4 Nf6 5. a3 O-O 6. Nf3 Bg4 7. Be2 Nbd7 8. e5
Nh5 9. Ne4 c5 10. c3 cxd4 11. cxd4 Qb6 12. Nf2 Bxf3 13. Bxf3 dxe5 14. dxe5 Nc5
15. Bxh5 Nb3 16. Rb1 Rfd8 17. Qf3 Nd4 18. Qe4 gxh5 19. O-O Qg6 20. Be3 Nf5 21.
Rfd1 b6 22. Rbc1 Bf8 23. Qf3 Kh8 24. Nh3 e6 25. Bf2 Be7 26. Rxd8+ Rxd8 27. Rd1
Rc8 28. Qe4 h6 29. Qb1 Qg4 30. Rd2 Rg8 31. Bg3 h4 0-1

[Event "Interclubs Adultes"]
[Site "MIGNE-AUXANCES"]
[Date "15.??.??"]
[Round "8.3"]
[White "Saada, Julien"]
[Black "Haik, Aldo"]
[Result "0-1"]
[WhiteElo "2267"]
[BlackElo "2384"]
[PlyCount "124"]
[EventDate "15.??.??"]
[WhiteTeam "Migné-Auxances"]
[BlackTeam "Noisy le Grand"]

1. d4 d5 2. c4 e6 3. Nc3 Nf6 4. cxd5 exd5 5. Bg5 c6 6. e3 Be7 7. Bd3 Nbd7 8.
Qc2 Nf8 9. Nf3 Ne6 10. Bxf6 Bxf6 11. O-O g6 12. b4 O-O 13. Rfc1 Bg7 14. Qb3 f5
15. b5 f4 16. e4 Nxd4 17. Nxd4 Bxd4 18. bxc6 bxc6 19. exd5 f3 20. g3 cxd5 21.
Rab1 Be6 22. Nb5 Bxf2+ 23. Kxf2 Qb6+ 24. Ke1 Qe3+ 25. Kd1 f2 26. Kc2 d4 27. Bc4
Rac8 28. Kb2 Rxc4 29. Rxc4 f1=Q 30. Rxf1 Rxf1 31. Rc8+ Kg7 32. Rc7+ Kh6 33.
Qxe3+ dxe3 34. Nd4 Bh3 35. Re7 Rf2+ 36. Kb3 Rxh2 37. Rxe3 Rg2 38. a4 Bg4 39.
Nc6 a6 40. Kb4 Re2 41. Rd3 Bf5 42. Rd4 Kg5 43. Ka5 Re3 44. Kxa6 Rxg3 45. Kb6 h5
46. a5 Rb3+ 47. Kc7 Ra3 48. Kb6 h4 49. a6 h3 50. Rd2 Be4 51. Na5 Ba8 52. Nc4
Rb3+ 53. Ka7 Bg2 54. Ne5 Re3 55. Nc4 Rg3 56. Nd6 h2 57. Ne4+ Bxe4 58. Rxh2 Rf3
59. Kb8 Rf8+ 60. Kc7 Kg4 61. a7 g5 62. Rb2 Ra8 0-1

[Event "Interclubs Adultes"]
[Site "MIGNE-AUXANCES"]
[Date "15.??.??"]
[Round "8.4"]
[White "Onkoud, Abdelaziz"]
[Black "Bedouin, Xavier"]
[Result "1-0"]
[WhiteElo "2396"]
[BlackElo "2363"]
[PlyCount "73"]
[EventDate "15.??.??"]
[WhiteTeam "Noisy le Grand"]
[BlackTeam "Migné-Auxances"]

1. c4 e6 2. Nc3 d5 3. d4 Be7 4. Nf3 Nf6 5. g3 O-O 6. Bg2 dxc4 7. O-O c5 8. dxc5
Nc6 9. Qa4 Qa5 10. Qxc4 Qxc5 11. Qxc5 Bxc5 12. Bg5 Bd7 13. Rac1 Be7 14. Rfd1
Rfd8 15. Nb5 Nd5 16. Bxe7 Ncxe7 17. Nc7 Rac8 18. Nxd5 exd5 19. Nd4 Kf8 20. Kf1
Be6 21. Ke1 Rxc1 22. Rxc1 Rc8 23. Rxc8+ Nxc8 24. e4 Nb6 25. Nxe6+ fxe6 26. exd5
exd5 27. Kd2 Ke7 28. Kd3 Kd6 29. Kd4 Ke6 30. f4 Kd6 31. b3 Ke6 32. a4 a5 33.
Bf3 Kd6 34. f5 Kc6 35. g4 Kd6 36. g5 Kc6 37. h4 1-0

[Event "Interclubs Adultes"]
[Site "MIGNE-AUXANCES"]
[Date "15.??.??"]
[Round "8.5"]
[White "Picard, Romain"]
[Black "Khairallah, Faisal"]
[Result "1/2-1/2"]
[WhiteElo "2352"]
[BlackElo "2350"]
[PlyCount "32"]
[EventDate "15.??.??"]
[WhiteTeam "Migné-Auxances"]
[BlackTeam "Noisy le Grand"]

1. e4 c5 2. Nf3 Nc6 3. Bb5 Nf6 4. Bxc6 dxc6 5. d3 Nd7 6. e5 Nb6 7. h3 c4 8. d4
Bf5 9. O-O e6 10. Qe2 Be7 11. b3 Qd5 12. Nc3 Qa5 13. Ne4 cxb3 14. cxb3 Qd5 15.
Nc3 Qd8 16. Bb2 O-O 1/2-1/2

[Event "Interclubs Adultes"]
[Site "MIGNE-AUXANCES"]
[Date "15.??.??"]
[Round "8.6"]
[White "Piot, Olivier"]
[Black "Borzakian, Manouk"]
[Result "1-0"]
[WhiteElo "2234"]
[BlackElo "2217"]
[PlyCount "69"]
[EventDate "15.??.??"]
[WhiteTeam "Noisy le Grand"]
[BlackTeam "Migné-Auxances"]

1. d4 d6 2. Nf3 g6 3. c4 Bg7 4. Nc3 Nf6 5. e4 O-O 6. Be2 e5 7. O-O Na6 8. Be3
Ng4 9. Bg5 Qe8 10. dxe5 dxe5 11. h3 f6 12. Bd2 Nh6 13. Be3 c6 14. c5 Nf7 15.
Bxa6 bxa6 16. Qa4 Rb8 17. b3 Rb7 18. Rad1 f5 19. exf5 gxf5 20. Rfe1 Re7 21. Bd2
e4 22. Nd4 Ne5 23. Bf4 Nd3 24. Bd6 Nxe1 25. Rxe1 Rd7 26. Nxc6 Qf7 27. Ne2 Re8
28. Nf4 Bf8 29. Ne5 Rxe5 30. Bxe5 Bxc5 31. Qc6 Qf8 32. Rc1 Bd6 33. Qxc8 Bxe5
34. Qxd7 Bxf4 35. Rc8 1-0

[Event "Interclubs Adultes"]
[Site "MIGNE-AUXANCES"]
[Date "15.??.??"]
[Round "8.7"]
[White "Picard, Clement"]
[Black "Rano, David"]
[Result "1/2-1/2"]
[WhiteElo "2199"]
[BlackElo "2171"]
[PlyCount "93"]
[EventDate "15.??.??"]
[WhiteTeam "Migné-Auxances"]
[BlackTeam "Noisy le Grand"]

1. e4 e5 2. Bc4 Nc6 3. Nf3 Bc5 4. c3 d6 5. O-O Nf6 6. d3 h6 7. Nbd2 a6 8. Bb3
O-O 9. h3 b5 10. Re1 Be6 11. Bc2 Re8 12. Nf1 Bb6 13. Ng3 d5 14. exd5 Nxd5 15.
Qe2 Qd6 16. Bd2 Bd7 17. Rad1 Nf4 18. Qf1 Qg6 19. Be3 Bxe3 20. Rxe3 f5 21. Kh2
Kh8 22. Bb3 Qf6 23. Qe1 g5 24. Kg1 h5 25. Ne2 g4 26. hxg4 hxg4 27. Nh2 Ng6 28.
Ng3 f4 29. Ne4 Qf5 30. Re2 Re7 31. Nd2 Rh7 32. Ndf1 f3 33. Re3 fxg2 34. Ng3 Qg5
35. Kxg2 Nf4+ 36. Kg1 Rf8 37. Rd2 Rf6 38. Ngf1 Ne7 39. d4 Neg6 40. dxe5 Nh3+
41. Kh1 Bc6+ 42. Bd5 Bxd5+ 43. Rxd5 Nxf2+ 44. Kg1 Nh3+ 45. Kh1 Rf8 46. Rd2 Nhf4
47. Kg1 1/2-1/2

[Event "Interclubs Adultes"]
[Site "MIGNE-AUXANCES"]
[Date "15.??.??"]
[Round "8.8"]
[White "Tatard, Marie"]
[Black "Boulan, Laura"]
[Result "0-1"]
[WhiteElo "1922"]
[BlackElo "1894"]
[PlyCount "80"]
[EventDate "15.??.??"]
[WhiteTeam "Noisy le Grand"]
[BlackTeam "Migné-Auxances"]

1. e4 e5 2. d4 exd4 3. Qxd4 Nc6 4. Qe3 d6 5. c3 Nf6 6. h3 Be7 7. Bd3 O-O 8. Nf3
Re8 9. O-O Bf8 10. Re1 Nd7 11. Qe2 h6 12. Nd4 Nc5 13. Nxc6 bxc6 14. Bc2 d5 15.
e5 Bd6 16. f4 Ba6 17. Qd1 Qh4 18. Nd2 Qg3 19. Nf3 Bf8 20. b4 Ne6 21. Qd2 Rad8
22. f5 Ng5 23. Nxg5 hxg5 24. Qf2 Qxc3 25. Bxg5 Bxb4 26. Kh1 Rxe5 27. Bxd8 Rxe1+
28. Rxe1 Qxe1+ 29. Qxe1 Bxe1 30. Bxc7 Bf2 31. Bf4 d4 32. Bd2 c5 33. g4 Bb7+ 34.
Kh2 c4 35. Bb4 d3 36. Bd1 Bd4 37. Kg3 c3 38. Bf3 d2 39. Be2 Be4 40. Kf4 Bc2 0-1

[Event "Interclubs Adultes"]
[Site "MIGNE-AUXANCES"]
[Date "15.??.??"]
[Round "8.1"]
[White "Maleki, Manuel"]
[Black "Todorov, Todor"]
[Result "0-1"]
[WhiteElo "2186"]
[BlackElo "2508"]
[PlyCount "42"]
[EventDate "15.??.??"]
[WhiteTeam "Tours"]
[BlackTeam "Drancy"]

1. Nf3 g6 2. c4 Bg7 3. e4 d6 4. Be2 e5 5. d4 exd4 6. Nxd4 Nc6 7. Be3 Nge7 8.
Qd2 O-O 9. h4 f5 10. exf5 Nxd4 11. Bxd4 Bxd4 12. Qxd4 c5 13. Qd2 Nxf5 14. h5
Nd4 15. hxg6 Qf6 16. Nc3 Qxf2+ 17. Kd1 Bf5 18. Nb5 Bxg6 19. Nxd4 cxd4 20. Re1
Rae8 21. Bf3 Rxe1+ 0-1

[Event "Interclubs Adultes"]
[Site "MIGNE-AUXANCES"]
[Date "15.??.??"]
[Round "8.3"]
[White "Carvallo, Henri"]
[Black "Komarov, Dimitri"]
[Result "0-1"]
[WhiteElo "2154"]
[BlackElo "2532"]
[PlyCount "78"]
[EventDate "15.??.??"]
[WhiteTeam "Tours"]
[BlackTeam "Drancy"]

1. d4 e6 2. Bf4 c5 3. e3 d5 4. c3 Bd6 5. Bxd6 Qxd6 6. f4 Nf6 7. Nd2 Nc6 8. g3
Ne7 9. Bd3 Qb6 10. Rb1 Bd7 11. Qe2 Ba4 12. b3 Bc6 13. Ngf3 Ne4 14. Rc1 f6 15.
O-O O-O 16. Bb1 Rad8 17. Nxe4 dxe4 18. Nd2 f5 19. Rfd1 Bb5 20. Qf2 cxd4 21.
exd4 Nd5 22. Nf1 Bxf1 23. Kxf1 Rd7 24. c4 Nf6 25. h3 Rfd8 26. c5 Qc6 27. Kg1
Nd5 28. a3 a5 29. Ba2 Kh8 30. Kh2 Qa6 31. Qd2 Ne7 32. Qe3 Nc6 33. Rc4 e5 34.
fxe5 Nxe5 35. Rc3 Nf3+ 36. Kg2 Rxd4 37. Rxd4 Rxd4 38. Rc2 Qd3 39. Qf2 Qxc2 0-1

[Event "Interclubs Adultes"]
[Site "MIGNE-AUXANCES"]
[Date "15.??.??"]
[Round "8.4"]
[White "Berthelot, Yannick"]
[Black "Wenzel, Johannes"]
[Result "1-0"]
[WhiteElo "2317"]
[BlackElo "2144"]
[PlyCount "95"]
[EventDate "15.??.??"]
[WhiteTeam "Drancy"]
[BlackTeam "Tours"]

1. e4 c5 2. Nf3 e6 3. d4 cxd4 4. Nxd4 Nc6 5. Nb5 d6 6. Bf4 e5 7. Be3 a6 8. N5c3
Nf6 9. Bc4 Be6 10. Nd5 Nxe4 11. Bb6 Qg5 12. O-O Bxd5 13. Bxd5 Nf6 14. f4 Qg4
15. Qxg4 Nxg4 16. fxe5 Ngxe5 17. Nc3 Be7 18. Ne4 O-O 19. Rad1 Rac8 20. Bb3 Nd7
21. Bf2 Nf6 22. Nxd6 Bxd6 23. Rxd6 Na5 24. c3 Nxb3 25. axb3 Rc7 26. Rfd1 h6 27.
Bb6 Re7 28. Bd8 Re2 29. Bxf6 gxf6 30. R1d2 Re6 31. Kf2 Kg7 32. Kf3 Kg6 33. Rd7
b5 34. R7d6 Rfe8 35. Rxe6 Rxe6 36. Rd5 Rc6 37. Ke3 Re6+ 38. Kd2 f5 39. b4 Kg5
40. b3 h5 41. c4 bxc4 42. bxc4 h4 43. Rd3 Rb6 44. Kc3 Kf4 45. Rd4+ Kg5 46. c5
Re6 47. h3 f4 48. Rc4 1-0

[Event "Interclubs Adultes"]
[Site "MIGNE-AUXANCES"]
[Date "15.??.??"]
[Round "8.5"]
[White "Menager, Erwan"]
[Black "Karr, Jean-Philippe"]
[Result "0-1"]
[WhiteElo "2132"]
[BlackElo "2395"]
[PlyCount "108"]
[EventDate "15.??.??"]
[WhiteTeam "Tours"]
[BlackTeam "Drancy"]

1. e4 c5 2. Nf3 Nc6 3. d4 cxd4 4. Nxd4 e6 5. Nc3 Qc7 6. Be2 a6 7. O-O Nf6 8.
Be3 Bb4 9. Na4 Be7 10. Nxc6 bxc6 11. Nb6 Rb8 12. Nxc8 Qxc8 13. e5 Nd5 14. Bc1
Bc5 15. c4 Ne7 16. Bd3 Qc7 17. Qe2 Bd4 18. Re1 d6 19. exd6 Qxd6 20. Rb1 c5 21.
Be3 O-O 22. Bxd4 cxd4 23. Qe4 g6 24. Qe5 Qxe5 25. Rxe5 Nc6 26. Re4 e5 27. c5 a5
28. Bc4 Rfd8 29. f4 exf4 30. Rxf4 Ne5 31. Bb3 Rbc8 32. Rd1 d3 33. Kf2 Rxc5 34.
Ke3 Kg7 35. Rd4 Re8 36. Kd2 Rec8 37. Re1 R8c7 38. Rde4 f6 39. h3 Rb7 40. R1e3
Rbc7 41. g4 g5 42. h4 h6 43. hxg5 hxg5 44. Rh3 Rc1 45. Rd4 Rc8 46. Ra4 R1c5 47.
Rd4 Rb8 48. Kd1 Rcc8 49. Ra4 Rb5 50. Rd4 Rb4 51. Rxb4 axb4 52. Kd2 Rd8 53. Be6
Rd6 54. Bf5 Nc4+ 0-1

[Event "Interclubs Adultes"]
[Site "MIGNE-AUXANCES"]
[Date "15.??.??"]
[Round "8.6"]
[White "Giffard, Nicolas"]
[Black "Legrand, Heloise"]
[Result "1-0"]
[WhiteElo "2389"]
[BlackElo "2012"]
[PlyCount "77"]
[EventDate "15.??.??"]
[WhiteTeam "Drancy"]
[BlackTeam "Tours"]

1. c4 e5 2. g3 Nf6 3. Bg2 d5 4. cxd5 Nxd5 5. Nc3 Be6 6. Nf3 Nc6 7. O-O Be7 8.
d4 exd4 9. Nxd4 Nxd4 10. Qxd4 Nxc3 11. Qxc3 Bf6 12. Qb4 Qe7 13. Qxb7 O-O 14.
Qa6 Rab8 15. Qxa7 Bc4 16. Bf3 Rb6 17. Be3 Ra6 18. Qc5 Qxc5 19. Bxc5 Rb8 20.
Rac1 Bxa2 21. b4 Be6 22. Be4 Ra2 23. Bd3 Rb2 24. Rb1 Ba2 25. Rxb2 Bxb2 26. b5
Rd8 27. Rd1 Bf6 28. Rc1 g6 29. Be3 Be5 30. Bf4 Bxf4 31. gxf4 Rd7 32. f5 Kg7 33.
Ra1 Bb3 34. Ra7 Rd5 35. Rxc7 Rd6 36. Rc6 Rxc6 37. bxc6 Bd5 38. Bb5 Kf6 39. c7
1-0

[Event "Interclubs Adultes"]
[Site "MIGNE-AUXANCES"]
[Date "15.??.??"]
[Round "8.7"]
[White "Rossi Ercolani, Vincenzo"]
[Black "Borne, Niels"]
[Result "0-1"]
[WhiteElo "2020"]
[BlackElo "2316"]
[PlyCount "64"]
[EventDate "15.??.??"]
[WhiteTeam "Tours"]
[BlackTeam "Drancy"]

1. c4 Nf6 2. g3 c6 3. Bg2 d5 4. Nf3 dxc4 5. Qc2 g6 6. Na3 b5 7. Ne5 Nd5 8. d4
Bg7 9. O-O O-O 10. Bd2 Bb7 11. b3 cxb3 12. Qxb3 Nd7 13. Nxc6 Bxc6 14. Bxd5 Nc5
15. dxc5 Qxd5 16. Qxd5 Bxd5 17. Rad1 a6 18. Bg5 Bxa2 19. Bxe7 Rfe8 20. Rd7 b4
21. Nb1 Be6 22. Rb7 Bc8 23. Rc7 a5 24. Nd2 Ba6 25. Ne4 Rec8 26. Rxc8+ Rxc8 27.
Rd1 Bxe2 28. Rd7 Bb5 29. Ra7 b3 30. Nf6+ Kh8 31. Rxa5 Bd3 32. Ra1 b2 0-1

[Event "Interclubs Adultes"]
[Site "CLICHY"]
[Date "16.??.??"]
[Round "9.1"]
[White "Gharamian, Tigran"]
[Black "Grigorov, Grigor"]
[Result "1/2-1/2"]
[WhiteElo "2558"]
[BlackElo "2463"]
[PlyCount "69"]
[EventDate "16.??.??"]
[WhiteTeam "Cappelle la Grande"]
[BlackTeam "C.E. Nantes"]

1. e4 c5 2. Nf3 d6 3. Bb5+ Bd7 4. Bxd7+ Qxd7 5. c4 Nc6 6. d4 cxd4 7. Nxd4 Nf6
8. Nc3 g6 9. Nde2 Bg7 10. f3 O-O 11. O-O e6 12. Bg5 h6 13. Be3 Rad8 14. Qc1 Kh7
15. Rd1 Qe7 16. h3 Rfe8 17. f4 a6 18. Bb6 Rc8 19. Qd2 e5 20. f5 Nd4 21. fxg6+
fxg6 22. b3 Rc6 23. Bxd4 exd4 24. Nxd4 Rc5 25. Re1 b5 26. cxb5 Qa7 27. b6 Qxb6
28. Na4 Rc2 29. Qxc2 Qxd4+ 30. Qf2 Nxe4 31. Qxd4 Bxd4+ 32. Kh2 Be5+ 33. Kg1
Bd4+ 34. Kh2 Be5+ 35. Kg1 1/2-1/2

[Event "Interclubs Adultes"]
[Site "CLICHY"]
[Date "16.??.??"]
[Round "9.2"]
[White "Marholev, Dimitar"]
[Black "Winants, Luc"]
[Result "1/2-1/2"]
[WhiteElo "2401"]
[BlackElo "2525"]
[PlyCount "107"]
[EventDate "16.??.??"]
[WhiteTeam "C.E. Nantes"]
[BlackTeam "Cappelle la Grande"]

1. e4 e5 2. Nf3 Nc6 3. Bb5 a6 4. Ba4 d6 5. O-O Bg4 6. h3 Bh5 7. c3 Nf6 8. d3
Be7 9. Re1 Qd7 10. Nbd2 g5 11. Nf1 g4 12. hxg4 Bxg4 13. Ne3 Rg8 14. Bxc6 bxc6
15. Kf1 Nh5 16. g3 Bh3+ 17. Ke2 f5 18. Nxf5 Bxf5 19. exf5 Qxf5 20. Qa4 Kd7 21.
Qe4 Qe6 22. Qxh7 Nf6 23. Qh1 Raf8 24. Be3 Ng4 25. Rg1 d5 26. Raf1 c5 27. Nh4 e4
28. dxe4 d4 29. Rd1 Qc4+ 30. Ke1 Bxh4 31. gxh4 Ne5 32. Rxg8 Nf3+ 33. Qxf3 Rxf3
34. Rg7+ Kc8 35. cxd4 Rh3 36. Rg1 Rxh4 37. dxc5 Rxe4 38. b3 Qxc5 39. Ke2 Re6
40. Rg8+ Kb7 41. Rg4 Qh5 42. Rdd4 Rc6 43. Kd2 Qh7 44. Rc4 Rd6+ 45. Rgd4 Qb1 46.
Rc2 Qa1 47. Rxd6 cxd6 48. Kd3 d5 49. Bg5 Qh1 50. Rd2 Qf3+ 51. Kc2 Kc6 52. Be3
Qh1 53. Kb2 Qf1 54. Rc2+ 1/2-1/2

[Event "Interclubs Adultes"]
[Site "CLICHY"]
[Date "16.??.??"]
[Round "9.3"]
[White "Carlier, Bruno"]
[Black "Crouan, Stephane"]
[Result "1/2-1/2"]
[WhiteElo "2401"]
[BlackElo "2206"]
[PlyCount "42"]
[EventDate "16.??.??"]
[WhiteTeam "Cappelle la Grande"]
[BlackTeam "C.E. Nantes"]

1. Nf3 d5 2. g3 g6 3. Bg2 Bg7 4. d4 Nf6 5. c4 dxc4 6. Qa4+ c6 7. Qxc4 O-O 8.
O-O Bf5 9. Nc3 Nbd7 10. Re1 Ne4 11. Qb3 Qb6 12. Qa3 Rfe8 13. Be3 a5 14. Nxe4
Bxe4 15. Ne5 Bxg2 16. Nxd7 Qc7 17. Kxg2 Qxd7 18. Rad1 Qd5+ 19. f3 Rad8 20. b3
e5 21. dxe5 Qxe5 1/2-1/2

[Event "Interclubs Adultes"]
[Site "CLICHY"]
[Date "16.??.??"]
[Round "9.4"]
[White "Rihouay, Clement"]
[Black "Jossien, Remy"]
[Result "1-0"]
[WhiteElo "2186"]
[BlackElo "2278"]
[PlyCount "79"]
[EventDate "16.??.??"]
[WhiteTeam "C.E. Nantes"]
[BlackTeam "Cappelle la Grande"]

1. e4 d6 2. d4 g6 3. c4 Bg7 4. Nc3 Nd7 5. Nf3 h6 6. Be2 e6 7. O-O Ne7 8. Re1
O-O 9. b3 g5 10. h3 Ng6 11. Bb2 f5 12. Qc2 g4 13. hxg4 fxg4 14. Nh2 g3 15. fxg3
Bxd4+ 16. Kh1 Bf2 17. Rf1 Bxg3 18. e5 Ndxe5 19. Ne4 Bxh2 20. Rxf8+ Qxf8 21.
Kxh2 Qf4+ 22. g3 Qe3 23. Rf1 Kg7 24. Bh5 Bd7 25. Bxg6 Kxg6 26. Bxe5 dxe5 27.
Nf6+ e4 28. Nxd7 Rd8 29. Ne5+ Kh5 30. Rf2 Rg8 31. Qe2+ Qxe2 32. Rxe2 Rg5 33.
Rxe4 Rg7 34. Rh4+ Kg5 35. Rg4+ Kf6 36. Rxg7 Kxg7 37. Kg2 Kf6 38. Nd3 Kf5 39.
Kf3 h5 40. Nf4 1-0

[Event "Interclubs Adultes"]
[Site "CLICHY"]
[Date "16.??.??"]
[Round "9.5"]
[White "Jossien, Arnaud"]
[Black "Grill, Marc"]
[Result "1/2-1/2"]
[WhiteElo "2379"]
[BlackElo "2152"]
[PlyCount "119"]
[EventDate "16.??.??"]
[WhiteTeam "Cappelle la Grande"]
[BlackTeam "C.E. Nantes"]

1. d4 Nf6 2. Nf3 e6 3. c4 Bb4+ 4. Nc3 c5 5. e3 b6 6. Bd3 Bb7 7. O-O O-O 8. Bd2
cxd4 9. Nxd4 Nc6 10. a3 Be7 11. Nf3 Rc8 12. e4 Qc7 13. Qe2 d6 14. Rac1 Qb8 15.
b4 Rfe8 16. h3 Bf8 17. Bg5 Nd7 18. Nh2 Nce5 19. f4 Ng6 20. Qh5 h6 21. Bh4 d5
22. cxd5 Nxf4 23. Qf3 Nxd3 24. Qxd3 Ne5 25. Qd2 a5 26. Ne2 Rxc1 27. Rxc1 axb4
28. axb4 exd5 29. exd5 Qd6 30. Bf2 Qxd5 31. Qxd5 Bxd5 32. Nf4 Be4 33. Bxb6 Bxb4
34. Nf1 f5 35. Bd4 Nc6 36. Bb2 Bd6 37. Nh5 Be5 38. Bxe5 Rxe5 39. Nfg3 Ne7 40.
Rc7 Kf7 41. Nf4 g5 42. Nfe2 Bd3 43. Nc1 Bb5 44. Kf2 f4 45. Nge2 Bxe2 46. Nxe2
Kf6 47. g3 Nd5 48. Rc6+ Re6 49. Rc5 fxg3+ 50. Kxg3 Ne7 51. Kf3 Nc6 52. Kf2 Ne5
53. Ra5 Rd6 54. Rb5 Rd3 55. Rb6+ Kg7 56. Ng3 Rf3+ 57. Kg2 Rf7 58. Nh5+ Kh7 59.
Nf6+ Kg7 60. Nh5+ 1/2-1/2

[Event "Interclubs Adultes"]
[Site "CLICHY"]
[Date "16.??.??"]
[Round "9.6"]
[White "Miraoui, Karim"]
[Black "Marchyllie, Bruno"]
[Result "1/2-1/2"]
[WhiteElo "2095"]
[BlackElo "2164"]
[PlyCount "142"]
[EventDate "16.??.??"]
[WhiteTeam "C.E. Nantes"]
[BlackTeam "Cappelle la Grande"]

1. d4 Nf6 2. c4 e6 3. Nc3 Bb4 4. e3 b6 5. Bd3 Bb7 6. Nf3 O-O 7. O-O Bxc3 8.
bxc3 Ne4 9. Qc2 f5 10. Ba3 d6 11. Nd2 Nxd2 12. Qxd2 c5 13. Rab1 Qe7 14. f3 e5
15. Qc2 g6 16. e4 f4 17. Qf2 Nc6 18. g3 g5 19. gxf4 gxf4 20. d5 Na5 21. Kh1 Kh8
22. Bc1 Ba6 23. Qe2 Qh4 24. Rg1 Rg8 25. Bd2 Raf8 26. Rbf1 Bc8 27. Be1 Qh5 28.
Qf2 Bh3 29. Rxg8+ Rxg8 30. Rg1 Rxg1+ 31. Kxg1 Kg7 32. Be2 Kf7 33. Kh1 Qg6 34.
Bf1 Qh5 35. Be2 Bc8 36. Qf1 Qh3 37. Qg1 Qh5 38. Bf2 Ba6 39. Qf1 Bc8 40. Be1 Bd7
41. Qg2 Qg6 42. Qf1 Nb7 43. Bh4 Qh5 44. Qf2 a6 45. a3 Bh3 46. Bd1 Bf1 47. Qxf1
Qxh4 48. Ba4 Nd8 49. Bd7 Ke7 50. Bc8 Nf7 51. Bxa6 Kd8 52. Bb5 Ng5 53. Ba4 Nh3
54. Kg2 Ng5 55. Kh1 Kc7 56. Bd1 Kb7 57. Be2 Nh3 58. Kg2 Ng5 59. Kh1 Qh5 60. Qg2
h6 61. Qf2 Qg6 62. Qg2 Qe8 63. Bd1 Qa8 64. h4 Nf7 65. Qg7 Qe8 66. Be2 Qe7 67.
Kg1 Ka6 68. Bf1 Qxh4 69. Qxf7 Qg3+ 70. Bg2 Qe1+ 71. Kh2 Qh4+ 1/2-1/2

[Event "Interclubs Adultes"]
[Site "CLICHY"]
[Date "16.??.??"]
[Round "9.7"]
[White "Couche, Didier"]
[Black "Martinez, Jean-Philippe"]
[Result "1-0"]
[WhiteElo "2122"]
[BlackElo "2066"]
[PlyCount "75"]
[EventDate "16.??.??"]
[WhiteTeam "Cappelle la Grande"]
[BlackTeam "C.E. Nantes"]

1. d4 d5 2. c4 c6 3. Nf3 Nf6 4. e3 Bf5 5. cxd5 cxd5 6. Qb3 Qc7 7. Bd2 e6 8.
Bb5+ Nfd7 9. O-O Bd6 10. Rc1 Nc6 11. Qa4 Rc8 12. Bxc6 bxc6 13. Bb4 Bxb4 14.
Qxb4 Qb6 15. Qa3 c5 16. Nc3 c4 17. Nd2 a5 18. e4 dxe4 19. Ncxe4 Bxe4 20. Nxe4
Rc6 21. Rxc4 Rxc4 22. Nd6+ Kd8 23. Nxc4 Qxd4 24. Nxa5 Qd2 25. Nc4 Qd5 26. Qa4
Kc8 27. Rd1 Nc5 28. Qc2 Qc6 29. b4 Nd7 30. Nb6+ Kb7 31. Qxc6+ Kxc6 32. Nxd7 Ra8
33. Rd2 Kb5 34. Ne5 f6 35. Nd3 Kc4 36. Nc1 Kxb4 37. Kf1 e5 38. Ke2 1-0

[Event "Interclubs Adultes"]
[Site "CLICHY"]
[Date "16.??.??"]
[Round "9.8"]
[White "Marchadour, Claire"]
[Black "Husson, Cybele"]
[Result "1-0"]
[WhiteElo "2053"]
[BlackElo "2033"]
[PlyCount "79"]
[EventDate "16.??.??"]
[WhiteTeam "C.E. Nantes"]
[BlackTeam "Cappelle la Grande"]

1. e4 b6 2. d4 Bb7 3. Nc3 e6 4. Nge2 Be7 5. Ng3 g6 6. d5 e5 7. Bc4 d6 8. O-O
Bf6 9. f4 exf4 10. Bxf4 Nd7 11. Bb5 Kf8 12. Bc6 Bxc6 13. dxc6 Ne5 14. Nd5 Kg7
15. Nxf6 Nxf6 16. Bg5 Neg4 17. Rf4 h6 18. Bxf6+ Nxf6 19. Qd4 Re8 20. Raf1 Re6
21. Ne2 g5 22. R4f2 Kg6 23. Nc3 Qe7 24. Nd5 Nxd5 25. exd5 Re5 26. Qd3+ f5 27.
Rxf5 Rxf5 28. Rxf5 Kg7 29. Qc3+ Kg6 30. Rf1 Re8 31. b3 Qe3+ 32. Qxe3 Rxe3 33.
c4 a5 34. Rf8 Re7 35. Rd8 Kf6 36. Kf2 h5 37. Kf3 g4+ 38. Kf2 a4 39. Rd7 Re4 40.
Rxc7 1-0

[Event "Interclubs Adultes"]
[Site "CLICHY"]
[Date "16.??.??"]
[Round "9.1"]
[White "Krasenkow, Michal"]
[Black "Dumitrache, Dragos-Nicolae"]
[Result "1-0"]
[WhiteElo "2636"]
[BlackElo "2495"]
[PlyCount "95"]
[EventDate "16.??.??"]
[WhiteTeam "Chalons en Champagne"]
[BlackTeam "Guingamp"]

1. d4 d5 2. Nf3 c6 3. c4 Nf6 4. Qc2 dxc4 5. Qxc4 Bf5 6. Nc3 Nbd7 7. e3 e6 8.
Nh4 Bg4 9. h3 Bh5 10. g4 Nd5 11. Nf5 Bg6 12. Ng3 Nb4 13. Nce4 Nb6 14. Qe2 Bd6
15. Nxd6+ Qxd6 16. e4 Qxd4 17. Be3 Qd6 18. Rd1 Qe7 19. a3 Na6 20. Qc2 Nc7 21.
Bc5 Qh4 22. Qc3 Rg8 23. Qe5 Rc8 24. g5 Nca8 25. Rd6 Rc7 26. Rxe6+ Kd8 27. Re7
Nd7 28. Qd6 Nab6 29. Qd2 Nc8 30. Re5 f6 31. gxf6 gxf6 32. Be3 Re8 33. Rxe8+
Kxe8 34. Bg2 Ne5 35. Bd4 Nb6 36. Qc3 Re7 37. O-O Nbd7 38. Bxa7 Rg7 39. f4 Nf7
40. Qf3 b6 41. Rd1 Nd8 42. Qe3 c5 43. Rd6 Ke7 44. Qd2 Ke8 45. Kh2 h6 46. Bxb6
Bh7 47. Nf1 Nc6 48. Rxc6 1-0

[Event "Interclubs Adultes"]
[Site "CLICHY"]
[Date "16.??.??"]
[Round "9.2"]
[White "Le Roux, Jean-Pierre"]
[Black "Barsov, Alexei"]
[Result "1/2-1/2"]
[WhiteElo "2491"]
[BlackElo "2521"]
[PlyCount "31"]
[EventDate "16.??.??"]
[WhiteTeam "Guingamp"]
[BlackTeam "Chalons en Champagne"]

1. d4 d5 2. Nf3 Nf6 3. c4 e6 4. Nc3 Bb4 5. Bg5 Nbd7 6. e3 c5 7. cxd5 exd5 8.
Bd3 c4 9. Bf5 Nb6 10. Qc2 Bxf5 11. Qxf5 Qd7 12. Qe5+ Qe6 13. Bxf6 gxf6 14. Qc7
Qc6 15. Qxc6+ bxc6 16. Kd2 1/2-1/2

[Event "Interclubs Adultes"]
[Site "CLICHY"]
[Date "16.??.??"]
[Round "9.3"]
[White "Sebag, Marie"]
[Black "De Sousa, Jose-Claude"]
[Result "0-1"]
[WhiteElo "2510"]
[BlackElo "2297"]
[PlyCount "78"]
[EventDate "16.??.??"]
[WhiteTeam "Chalons en Champagne"]
[BlackTeam "Guingamp"]

1. e4 c5 2. c3 Nf6 3. e5 Nd5 4. d4 cxd4 5. Nf3 e6 6. cxd4 b6 7. Bd3 Bb4+ 8. Bd2
Bxd2+ 9. Nfxd2 Ba6 10. Ne4 O-O 11. Nbc3 Nxc3 12. bxc3 Bxd3 13. Qxd3 d5 14. exd6
f5 15. Nd2 Qxd6 16. O-O Nc6 17. Rfe1 Rad8 18. Nf3 Qd5 19. Qe2 Rfe8 20. c4 Qd7
21. Rad1 Qc8 22. h4 h6 23. Qe3 Na5 24. Rc1 Nc6 25. Qc3 Qd7 26. Rcd1 Qc8 27. h5
Qd7 28. d5 exd5 29. Rxe8+ Qxe8 30. cxd5 Ne5 31. d6 Nc6 32. Re1 Qd7 33. Nd4 Nxd4
34. Qxd4 Qf7 35. Re7 Qf6 36. Qd5+ Kh7 37. Re6 Qg5 38. Qe5 Rc8 39. Qe2 Rc1+ 0-1

[Event "Interclubs Adultes"]
[Site "CLICHY"]
[Date "16.??.??"]
[Round "9.4"]
[White "Alanic, Xavier"]
[Black "Belkhodja, Slim"]
[Result "0-1"]
[WhiteElo "2284"]
[BlackElo "2478"]
[PlyCount "70"]
[EventDate "16.??.??"]
[WhiteTeam "Guingamp"]
[BlackTeam "Chalons en Champagne"]

1. c4 e5 2. Nc3 Nf6 3. g3 Bb4 4. Bg2 O-O 5. e4 Bxc3 6. bxc3 c6 7. Ne2 d5 8.
cxd5 cxd5 9. exd5 Nxd5 10. O-O Nc6 11. Qb3 Nb6 12. Qc2 Bg4 13. f3 Bh5 14. d3
Rc8 15. Qd2 Bg6 16. Rd1 Qf6 17. Qe3 Rfd8 18. Bb2 Rxd3 19. Rxd3 Nc4 20. Qf2 Bxd3
21. Nc1 e4 22. Nxd3 exd3 23. Rd1 d2 24. Rxd2 Nxd2 25. Qxd2 Ne5 26. Qe2 Nc4 27.
Bh3 Rd8 28. Qxc4 Qb6+ 29. Kh1 Qxb2 30. Bf1 Qf2 31. f4 g6 32. Qe2 Qxe2 33. Bxe2
Rd2 34. Bc4 Rc2 35. Bd5 b5 0-1